[Event "FIDE Online Olympiad"]
[Site "Chess.com"]
[Date "2020.08.09"]
[EventDate "2020.08.07"]
[Round "8"]
[Result "0-1"]
[White "Toavina Razanadrakotoarisoa"]
[Black "Chola Musonda"]
[WhiteElo "1933"]
[BlackElo "2044"]
[PlyCount "100"]

1. e4 e5 2. Nf3 Nc6 3. Bc4 Nf6 4. d3 Bc5 5. O-O d6 6. h3 h6
7. c3 Bb6 8. Be3 O-O 9. Bb3 Be6 10. Bxe6 fxe6 11. Bxb6 axb6
12. Re1 Nh5 13. Nbd2 Nf4 14. Nf1 Qf6 15. Kh2 Ne7 16. Ng3 Neg6
17. d4 Nxg2 18. dxe5 Qxf3 19. Qxf3 Rxf3 20. Kxg2 Raf8 21. Re2
Nxe5 22. Rd1 Ng6 23. Rc2 Nh4+ 24. Kg1 Ng6 25. Kg2 Ne5 26. Rd4
Nd3 27. Kg1 Nxf2 28. Kg2 Nd3 29. Re2 e5 30. Nf5 Rxh3 31. Kxh3
Nf4+ 32. Kg4 Nxe2 33. Rc4 Rf7 34. Ra4 Kh7 35. Kf3 g6 36. Kxe2
gxf5 37. exf5 Rxf5 38. Ra7 Kg6 39. Rxb7 Rf7 40. a4 h5 41. b4
h4 42. Rb8 h3 43. Rh8 Rh7 44. Rg8+ Kf5 45. Rg1 h2 46. Rh1 Kg4
47. Kf2 Kh3 48. a5 bxa5 49. bxa5 Rf7+ 50. Ke3 Kg2 0-1

[Event "FIDE Online Olympiad"]
[Site "Chess.com"]
[Date "2020.08.09"]
[EventDate "2020.08.07"]
[Round "8"]
[Result "0-1"]
[White "Elena Nekrasova"]
[Black "Olivia Smith"]
[WhiteElo "1920"]
[BlackElo "1957"]
[PlyCount "58"]

1. e4 e5 2. Nf3 Nf6 3. Nxe5 d6 4. Nf3 Nxe4 5. Nc3 Nxc3 6. dxc3
Be7 7. Be3 Be6 8. Qd2 Nc6 9. O-O-O Qd7 10. Kb1 O-O-O 11. Nd4
a6 12. Nxe6 fxe6 13. g3 Bf6 14. h4 Kb8 15. Bh3 Qf7 16. Qe2
Rhe8 17. Bg2 d5 18. c4 Ne5 19. c5 Nc4 20. Bd4 Qd7 21. Rhe1 Qb5
22. b3 e5 23. Bc3 Na3+ 24. Kb2 Qxc5 25. Rxd5 Rxd5 26. Bxd5 Nb5
27. Qc4 Qxf2 28. a4 Nxc3 29. Qxc3 e4 0-1

[Event "FIDE Online Olympiad"]
[Site "Chess.com"]
[Date "2020.08.09"]
[EventDate "2020.08.07"]
[Round "8"]
[Result "0-1"]
[White "Shayanna Sivarajasingam"]
[Black "Maya Jalloul"]
[WhiteElo "1709"]
[BlackElo "1876"]
[PlyCount "122"]

1. e4 c5 2. Nf3 d6 3. Bb5+ Bd7 4. Bxd7+ Qxd7 5. c4 Nc6 6. Nc3
g6 7. d4 cxd4 8. Nxd4 Bg7 9. Be3 Nf6 10. f3 O-O 11. O-O Rac8
12. b3 a6 13. Rc1 Ne8 14. Qd2 Nc7 15. Rfd1 Ne6 16. Nce2 b5
17. cxb5 Ncxd4 18. Nxd4 axb5 19. Qb4 Rxc1 20. Rxc1 Nxd4
21. Bxd4 Bxd4+ 22. Qxd4 Rc8 23. Rxc8+ Qxc8 24. Qd2 Qc5+
25. Kf1 b4 26. h3 e6 27. Ke2 Kf8 28. Kf1 Ke7 29. Ke2 h5
30. Kf1 Kd7 31. Ke2 Kc6 32. Kf1 Qb5+ 33. Kf2 Qa5 34. Kf1 Qc5
35. Ke2 Kb5 36. Qd3+ Ka5 37. Qd2 Qg1 38. Kd3 e5 39. Kc2 Qc5+
40. Kd1 Kb5 41. Ke2 Kb6 42. Kf1 Kc6 43. Ke2 d5 44. exd5+ Kd6
45. Ke1 Qg1+ 46. Ke2 Qxg2+ 47. Ke1 Qxd2+ 48. Kxd2 Kxd5 49. Kd3
f5 50. h4 f4 51. Ke2 Kd4 52. Kd2 e4 53. fxe4 Kxe4 54. Ke2 f3+
55. Kf2 Kf4 56. Kf1 Kg3 57. Kg1 Kxh4 58. Kf2 Kg4 59. Kf1 Kg3
60. Kg1 f2+ 61. Kf1 h4 0-1

[Event "FIDE Online Olympiad"]
[Site "Chess.com"]
[Date "2020.08.09"]
[EventDate "2020.08.07"]
[Round "8"]
[Result "0-1"]
[White "Perparim Makoli"]
[Black "Tinnakrit Arunnuntapanich"]
[WhiteElo "2270"]
[BlackElo "2067"]
[PlyCount "180"]

1. e4 c5 2. Nf3 d6 3. d4 cxd4 4. Nxd4 Nf6 5. Nc3 a6 6. h3 e5
7. Nf3 h6 8. Bc4 Be7 9. O-O O-O 10. Bb3 Nbd7 11. Be3 Qc7
12. Nh4 Nc5 13. Ng6 Nxb3 14. Nxe7+ Qxe7 15. axb3 Be6 16. Qd3
Rfd8 17. Bb6 Rd7 18. Ra5 Rc8 19. Rd1 Rc6 20. Qe3 Nh5 21. Rd2
Nf4 22. Ne2 d5 23. Bc5 d4 24. Bxe7 dxe3 25. Rxd7 Nxe2+ 26. Kf1
Bxd7 27. Kxe2 Rxc2+ 28. Kxe3 Rxb2 29. b4 Bb5 30. Ra3 f6
31. Rc3 Bc6 32. Rd3 Kf7 33. Bc5 g6 34. Rd8 Rb3+ 35. Rd3 Rb1
36. f3 f5 37. exf5 gxf5 38. Rd8 Rb2 39. Rd2 f4+ 40. Kd3 Bb5+
41. Kc3 Rxd2 42. Kxd2 Bf1 43. g3 fxg3 44. h4 Ke6 45. Ke3 Kf5
46. Be7 Bb5 47. Bd8 Bc6 48. Bc7 h5 49. Bb8 g2 50. Kf2 Bxf3
51. Ba7 Bc6 52. Kg3 Ke6 53. Kf2 Be4 54. Bb8 Kd5 55. Bc7 Kd4
56. Kg1 Bd5 57. Bd6 Kc4 58. Kf2 Bc6 59. Kg1 Kc3 60. Kf2 e4
61. Kxg2 e3+ 62. Kf1 Kd2 63. Bf4 Bf3 64. Kg1 Kd3 65. Kf1 Bg4
66. Ke1 Ke4 67. Bc7 Kd4 68. Bb6+ Kc4 69. Bxe3 Kxb4 70. Kd2 Kc4
71. Kc2 b5 72. Bb6 b4 73. Kb2 Kb5 74. Bd8 a5 75. Be7 a4
76. Bf8 a3+ 77. Kb3 Be6+ 78. Kc2 Ka4 79. Bg7 Bf5+ 80. Kc1 b3
81. Bf6 Kb4 82. Be7+ Ka4 83. Bf6 b2+ 84. Bxb2 axb2+ 85. Kxb2
Kb4 86. Kc1 Kc4 87. Kd2 Kd4 88. Ke2 Ke4 89. Kf2 Kf4 90. Kg2
Kg4 0-1

[Event "FIDE Online Olympiad"]
[Site "Chess.com"]
[Date "2020.08.09"]
[EventDate "2020.08.07"]
[Round "8"]
[Result "0-1"]
[White "Rinesa Saraci"]
[Black "Sarocha Chuemsakul"]
[WhiteElo "1184"]
[BlackElo "1694"]
[PlyCount "154"]

1. e4 c6 2. d4 d5 3. Nd2 dxe4 4. Nxe4 Bf5 5. Ng3 Bg6 6. h4 h6
7. Bd3 Bxd3 8. Qxd3 Nf6 9. Nf3 e6 10. O-O Bd6 11. c3 Nbd7
12. Be3 O-O 13. Qd2 Qc7 14. Ne2 Nd5 15. Rfe1 N7f6 16. c4 Bb4
17. Nc3 Bxc3 18. bxc3 Ne4 19. Qd3 Nxe3 20. Rxe3 Nd6 21. Ne5
Nf5 22. Rh3 Rad8 23. g4 Ne7 24. Qf3 f6 25. Nd3 e5 26. Re1 exd4
27. cxd4 Rxd4 28. Re4 Rxe4 29. Qxe4 Qd6 30. c5 Qd7 31. Nf4 Re8
32. Qf3 Nd5 33. Nxd5 Qxd5 34. Qxd5+ cxd5 35. Rd3 Rd8 36. Kg2
Kf7 37. Kf3 Ke6 38. Kf4 Rc8 39. Rc3 g5+ 40. hxg5 hxg5+ 41. Ke3
Ke5 42. Kd3 Rc6 43. f3 Rc8 44. a4 b6 45. cxb6 Rxc3+ 46. Kxc3
axb6 47. Kd3 Ke6 48. Kd4 Kd6 49. Kd3 Kc5 50. Kc3 d4+ 51. Kd3
Kd5 52. Kd2 Kc4 53. Kc2 d3+ 54. Kd2 Kd4 55. Kd1 Ke3 56. Ke1
Kxf3 57. Kd2 Ke4 58. Kd1 Ke3 59. Ke1 Kd4 60. Kd2 Kc4 61. Kd1
Kb3 62. Kd2 Kxa4 63. Kxd3 b5 64. Ke4 b4 65. Kf5 b3 66. Kxf6 b2
67. Kxg5 b1=Q 68. Kh6 Qh1+ 69. Kg6 Qh8 70. g5 Kb5 71. Kf7 Qh7+
72. Kf6 Qg8 73. g6 Kc6 74. g7 Kd6 75. Kg6 Ke6 76. Kh6 Kf6
77. Kh5 Qxg7 0-1

[Event "FIDE Online Olympiad"]
[Site "Chess.com"]
[Date "2020.08.09"]
[EventDate "2020.08.07"]
[Round "8"]
[Result "0-1"]
[White "Rafat Issa"]
[Black "Araz Basim Mohammed S Al-Saffar"]
[WhiteElo "2392"]
[BlackElo "2371"]
[PlyCount "68"]

1. e4 e5 2. Nf3 Nf6 3. Nc3 Bb4 4. Nxe5 O-O 5. Nd3 Bxc3 6. dxc3
Nxe4 7. Nf4 Re8 8. Be2 d6 9. O-O Nd7 10. Be3 Ndf6 11. c4 b6
12. Bf3 Bb7 13. Re1 Qd7 14. Nd5 Nxd5 15. cxd5 Qb5 16. c4 Qxc4
17. Rc1 Qxa2 18. Rxc7 Bxd5 19. Bd4 Nc5 20. Bxc5 Bxf3 21. gxf3
dxc5 22. Rxe8+ Rxe8 23. Qd7 Qe6 24. Qxe6 fxe6 25. Rxa7 Rd8
26. Rb7 Rd6 27. Kg2 h5 28. Kg3 Kh7 29. Kf4 Rd4+ 30. Kg5 Rb4
31. f4 Rxb2 32. Re7 c4 33. Rxe6 c3 34. Rc6 Rb5+ 0-1

[Event "FIDE Online Olympiad"]
[Site "Chess.com"]
[Date "2020.08.09"]
[EventDate "2020.08.07"]
[Round "8"]
[Result "0-1"]
[White "Ali Layth Ahmed Ahmed"]
[Black "Al Khatib Ahmad"]
[WhiteElo "2216"]
[BlackElo "2170"]
[PlyCount "46"]

1. d4 g6 2. c4 Bg7 3. Nc3 d6 4. e4 e5 5. d5 f5 6. f3 Qh4+
7. g3 Qe7 8. Be3 Nf6 9. Bd3 O-O 10. Qd2 fxe4 11. Nxe4 c6
12. Nxf6+ Qxf6 13. Be4 Bf5 14. O-O-O c5 15. Ne2 Bxe4 16. fxe4
a6 17. h4 b5 18. h5 Nd7 19. hxg6 Qxg6 20. Qc2 Nb6 21. b3 Rf3
22. Rd3 Qxe4 23. Nc3 Qg6 0-1

[Event "FIDE Online Olympiad"]
[Site "Chess.com"]
[Date "2020.08.09"]
[EventDate "2020.08.07"]
[Round "8"]
[Result "0-1"]
[White "Zainab Asif Abdulah Al-Fayyadh"]
[Black "Ghayda M Alattar"]
[WhiteElo "1728"]
[BlackElo "1950"]
[PlyCount "84"]

1. e4 d6 2. d4 Nf6 3. Nc3 g6 4. Nf3 Bg7 5. Be2 O-O 6. O-O c6
7. h3 Nbd7 8. Be3 e5 9. Qd2 Qc7 10. Bh6 b5 11. a3 a6 12. Qg5
c5 13. dxe5 dxe5 14. Bxg7 Kxg7 15. Nd5 Nxd5 16. exd5 f6
17. Qe3 Nb6 18. Rad1 Qd6 19. Nh2 Bb7 20. Bf3 Rad8 21. Ng4 c4
22. Qh6+ Kg8 23. Ne3 f5 24. b3 cxb3 25. cxb3 Qxa3 26. d6 Bxf3
27. gxf3 Rxd6 28. Rxd6 Qxd6 29. Kh1 Nd5 30. Ng2 Qc6 31. Nh4
Nf4 32. Kh2 Qc2 33. Kg3 Qxb3 34. Re1 Qd5 35. Ra1 Qd6 36. Kh2
b4 37. Rg1 b3 38. Rg5 Qe6 39. Nxg6 Nxg6 40. h4 Rf6 41. h5 b2
42. hxg6 Rxg6 0-1

[Event "FIDE Online Olympiad"]
[Site "Chess.com"]
[Date "2020.08.09"]
[EventDate "2020.08.07"]
[Round "8"]
[Result "0-1"]
[White "Jake Darmanin"]
[Black "Lennert Lenaerts"]
[WhiteElo "2134"]
[BlackElo "2350"]
[PlyCount "98"]

1. e4 e5 2. Nf3 Nc6 3. d4 exd4 4. Nxd4 Nf6 5. Nxc6 bxc6 6. e5
Qe7 7. Qe2 Nd5 8. c4 Ba6 9. b3 g6 10. f4 d6 11. g3 Bg7 12. Bb2
O-O 13. Nd2 Rae8 14. O-O-O Nb6 15. Nf3 dxe5 16. fxe5 f6 17. e6
Qxe6 18. Qxe6+ Rxe6 19. Nd4 Ree8 20. Nxc6 Bc8 21. Ba3 Rf7
22. c5 Bh6+ 23. Kb2 Bb7 24. cxb6 Bxc6 25. bxa7 Bxh1 26. Bc4
Bc6 27. Bc5 Kg7 28. Bxf7 Kxf7 29. h4 Re2+ 30. Ka3 Bd2 31. b4
Rg2 32. g4 f5 33. gxf5 gxf5 34. b5 Be4 35. Rf1 f4 36. Kb3 Bd5+
37. Ka4 Ke6 38. a3 f3 39. b6 cxb6 40. Bxb6 Bc6+ 41. Kb3 Kf5
42. Kc4 Rg4+ 43. Kc5 Be4 44. h5 Rg8 45. Kd6 Bf4+ 46. Ke7 Bg5+
47. Kd6 Kf4 48. Rg1 Rf8 49. Kc7 Bd8+ 0-1

[Event "FIDE Online Olympiad"]
[Site "Chess.com"]
[Date "2020.08.09"]
[EventDate "2020.08.07"]
[Round "8"]
[Result "0-1"]
[White "Filipina Thornton"]
[Black "Diana Musabayeva"]
[WhiteElo "1737"]
[BlackElo "1517"]
[PlyCount "58"]

1. d4 Nf6 2. c4 e6 3. Nc3 Bb4 4. Nf3 O-O 5. Qc2 b6 6. a3 Bxc3+
7. bxc3 d6 8. e4 Re8 9. Bg5 e5 10. Rd1 h6 11. Bh4 Qe7 12. dxe5
dxe5 13. Be2 Bb7 14. Bd3 Nbd7 15. O-O Qxa3 16. Rfe1 a5 17. Qd2
Qe7 18. h3 Rad8 19. g4 Nc5 20. Qc2 Qe6 21. Kg2 Nxd3 22. Rxd3
Qxc4 23. Rxd8 Rxd8 24. Bxf6 gxf6 25. Nh4 Rd3 26. Nf5 Bxe4+
27. Rxe4 Qxe4+ 28. Kf1 Qf3 29. Ne3 Rxe3 0-1

[Event "FIDE Online Olympiad"]
[Site "Chess.com"]
[Date "2020.08.09"]
[EventDate "2020.08.07"]
[Round "9"]
[Result "0-1"]
[White "Jake Darmanin"]
[Black "Fy Antenaina Rakotomaharo"]
[WhiteElo "2134"]
[BlackElo "2370"]
[PlyCount "112"]

1. e4 c5 2. Nf3 e6 3. c3 Nf6 4. e5 Nd5 5. d4 cxd4 6. cxd4 Nc6
7. a3 d6 8. Bd3 Be7 9. O-O O-O 10. Re1 f5 11. exf6 Bxf6
12. Nc3 Nxc3 13. bxc3 e5 14. h3 Qe8 15. dxe5 dxe5 16. Ng5 Bxg5
17. Bxg5 Qf7 18. Qe2 Bf5 19. Bc4 Be6 20. Bd3 Kh8 21. Rab1 Bf5
22. Bc4 Qg6 23. Rxb7 Qxg5 24. Bd5 Rac8 25. g4 Bg6 26. Qe3 Qf6
27. g5 Qf5 28. Qg3 Qf4 29. Qxf4 exf4 30. Rd7 Nd8 31. Ree7 Rxc3
32. Rxa7 Nc6 33. Rec7 Nxa7 34. Rxc3 Nb5 35. Rb3 Nd4 36. Rb4
Nc2 37. Rb3 h6 38. gxh6 gxh6 39. Rb6 Bf7 40. Bxf7 Rxf7
41. Rxh6+ Kg7 42. Ra6 Rb7 43. Ra4 Rf7 44. Kg2 Ne1+ 45. Kh2
Nf3+ 46. Kg2 Nh4+ 47. Kh2 Kg6 48. Ra6+ Kg5 49. a4 Rb7 50. Ra5+
Kf6 51. Rb5 Rg7 52. Rb6+ Kf5 53. Rb5+ Ke4 54. Rb4+ Kf3 55. a5
Kxf2 56. Rxf4+ Nf3+ 0-1

[Event "FIDE Online Olympiad"]
[Site "Chess.com"]
[Date "2020.08.09"]
[EventDate "2020.08.07"]
[Round "9"]
[Result "0-1"]
[White "Ny Koloina Andrianarison"]
[Black "Filipina Thornton"]
[WhiteElo "1203"]
[BlackElo "1737"]
[PlyCount "108"]

1. d4 d5 2. Bf4 e6 3. e3 Bd6 4. Bd3 Bxf4 5. exf4 Nf6 6. c3
Nbd7 7. Nf3 c5 8. Nbd2 b6 9. Ne5 O-O 10. Ndf3 Bb7 11. O-O Ne4
12. Nxd7 Qxd7 13. Ne5 Qe7 14. Qh5 h6 15. Rad1 Rad8 16. g4 Qf6
17. f5 exf5 18. Qxf5 Qh4 19. f3 Ng5 20. Kh1 Bc8 21. Qf4 Nh3
22. Qg3 Qxg3 23. hxg3 Ng5 24. Kg2 f5 25. Nc6 Rde8 26. Bxf5
Bxf5 27. gxf5 Rxf5 28. Nxa7 Re2+ 29. Rf2 Rxf2+ 30. Kxf2 Rxf3+
31. Kg2 Rf7 32. Nb5 Ne4 33. Rf1 cxd4 34. Rxf7 Kxf7 35. Nxd4
Kf6 36. Kf3 Nd2+ 37. Kf4 Nc4 38. b3 Nb2 39. a4 Nd1 40. c4 dxc4
41. bxc4 Nb2 42. Ke4 Nxc4 43. Kd3 Nd6 44. Nb5 Nxb5 45. axb5 g5
46. Kc4 Ke6 47. Kd4 Kd6 48. Ke4 Kc5 49. Kf5 Kxb5 50. Kg6 Kc5
51. Kxh6 g4 52. Kg5 b5 53. Kxg4 b4 54. Kf3 b3 0-1

[Event "FIDE Online Olympiad"]
[Site "Chess.com"]
[Date "2020.08.09"]
[EventDate "2020.08.07"]
[Round "9"]
[Result "0-1"]
[White "Mitia Randriamaharo"]
[Black "Milena Stagno"]
[WhiteElo "1280"]
[BlackElo "1309"]
[PlyCount "62"]

1. e4 c5 2. Nc3 Nc6 3. f4 g6 4. Nf3 Bg7 5. Bc4 e6 6. O-O Nge7
7. Qe1 O-O 8. d3 d5 9. exd5 exd5 10. Nxd5 Nxd5 11. Bxd5 Qxd5
12. Qh4 Nd4 13. Ng5 h6 14. Nf3 Nxc2 15. Rb1 Nd4 16. f5 Bxf5
17. Bxh6 Nxf3+ 18. gxf3 Bxd3 19. Rbd1 Qf5 20. Rf2 Rfe8
21. Bxg7 Kxg7 22. Rfd2 c4 23. Qd4+ Kg8 24. b3 Qxf3 25. bxc4
Bf5 26. Rf1 Qg4+ 27. Rg2 Qxd4+ 28. Rgf2 Re2 29. c5 Qg4+
30. Kh1 Be4+ 31. Rg2 Qxg2# 0-1

[Event "FIDE Online Olympiad"]
[Site "Chess.com"]
[Date "2020.08.09"]
[EventDate "2020.08.07"]
[Round "9"]
[Result "0-1"]
[White "Araz Basim Mohammed S Al-Saffar"]
[Black "Bart Michiels"]
[WhiteElo "2371"]
[BlackElo "2550"]
[PlyCount "61"]

1. d4 d5 2. c4 e6 3. Nc3 Be7 4. Nf3 Nf6 5. Bg5 Nbd7 6. e3 h6
7. Bh4 O-O 8. Rc1 c6 9. cxd5 exd5 10. Bd3 Ne4 11. Bg3 f5
12. O-O Nxg3 13. hxg3 Bd6 14. Qc2 g6 15. Nh4 Kg7 16. f4 Qe7
17. Rce1 Nf6 18. Nf3 Ne4 19. Kh2 Be6 20. Ne5 g5 21. Nxe4 fxe4
22. Be2 h5 23. Bd1 Rf6 24. Rh1 h4 25. Qf2 Rh8 26. Kg1 Bc8
27. Rf1 Rhf8 28. Qe1 c5 29. gxh4 gxf4 30. exf4 cxd4 31. g3 0-1

[Event "FIDE Online Olympiad"]
[Site "Chess.com"]
[Date "2020.08.09"]
[EventDate "2020.08.07"]
[Round "9"]
[Result "0-1"]
[White "Diana Musabayeva"]
[Black "Zainab Asif Abdulah Al-Fayyadh"]
[WhiteElo "1517"]
[BlackElo "1728"]
[PlyCount "132"]

1. e4 e5 2. Nf3 Nc6 3. Bb5 a6 4. Ba4 Nf6 5. O-O Be7 6. Re1 b5
7. Bb3 d6 8. c3 O-O 9. h3 Na5 10. Bc2 c5 11. d4 Qc7 12. Nbd2
cxd4 13. cxd4 Bd7 14. Nf1 Rac8 15. Bb1 Nc6 16. d5 Nb4 17. Ne3
a5 18. Bd2 Na6 19. Bc2 Nc5 20. Nf1 Qb6 21. Rc1 Rc7 22. Qe2
Rfc8 23. Bb1 b4 24. Ng3 Bb5 25. Qe3 Qa6 26. Nf5 Bf8 27. Qg5
Bd3 28. Bxd3 Qxd3 29. Re3 Ncxe4 30. Rxc7 Nxg5 31. Rxd3 Nxf3+
32. Rxf3 Rxc7 33. Rg3 g6 34. Nh6+ Bxh6 35. Bxh6 Nxd5 36. Rd3
Rc5 37. Be3 Nxe3 38. fxe3 d5 39. Rd2 f5 40. Kf2 Kf7 41. Kf3
Kf6 42. g4 h5 43. gxh5 gxh5 44. b3 Kg5 45. Rg2+ Kh4 46. Rh2 d4
47. exd4 exd4 48. Kf4 d3 49. Rd2 Rd5 50. Ke3 Kxh3 51. Rxd3
Rxd3+ 52. Kxd3 f4 53. Kc4 f3 54. Kb5 f2 55. Kxa5 f1=Q 56. Kxb4
Qa6 57. a4 Kg3 58. Ka3 h4 59. b4 h3 60. a5 Qb5 61. Kb3 h2
62. a6 Qxa6 63. b5 Qxb5+ 64. Kc3 h1=Q 65. Kd4 Qd1+ 66. Ke3
Qbe2# 0-1

[Event "FIDE Online Olympiad"]
[Site "Chess.com"]
[Date "2020.08.09"]
[EventDate "2020.08.07"]
[Round "9"]
[Result "0-1"]
[White "Al Khatib Ahmad"]
[Black "Perparim Makoli"]
[WhiteElo "2170"]
[BlackElo "2270"]
[PlyCount "128"]

1. Nf3 d5 2. g3 Nf6 3. Bg2 Bg4 4. d3 Nbd7 5. O-O e5 6. c4 c6
7. cxd5 Nxd5 8. Nc3 N5b6 9. a4 a5 10. d4 exd4 11. Qxd4 Nf6
12. Qe3+ Be7 13. Rd1 Nbd5 14. Nxd5 Nxd5 15. Qd4 Nf6 16. Bg5
Qxd4 17. Rxd4 Be6 18. Rd3 h6 19. Bf4 O-O 20. Nd4 Bc4 21. Rc3
Bd5 22. Nf5 Bb4 23. Rd3 Rfe8 24. e3 Bc4 25. Rdd1 Bb3 26. Nd6
Re7 27. Rdc1 g5 28. Nf5 gxf4 29. Nxe7+ Bxe7 30. gxf4 Rd8
31. Rc3 Be6 32. Rcc1 Rd2 33. Rd1 Rxb2 34. Rdb1 Rxb1+ 35. Rxb1
Bb4 36. e4 Bc4 37. f3 Bd3 38. Rb2 Nd7 39. Bf1 Bxf1 40. Kxf1
Nc5 41. Ra2 Nd3 42. f5 Kg7 43. Ra1 Kf6 44. Ke2 Nc5 45. Ke3 b5
46. axb5 cxb5 47. Rb1 Na6 48. Kf4 Bd6+ 49. Kg4 b4 50. f4 Bc5
51. e5+ Kg7 52. Kh5 a4 53. f6+ Kh7 54. f5 a3 55. e6 a2 56. Rd1
b3 57. exf7 b2 58. f8=Q Bxf8 59. Rd7+ Kg8 60. Kg6 b1=Q
61. Rg7+ Bxg7 62. f7+ Kf8 63. h4 h5 64. Kh7 Qxf5# 0-1

[Event "FIDE Online Olympiad"]
[Site "Chess.com"]
[Date "2020.08.09"]
[EventDate "2020.08.07"]
[Round "9"]
[Result "0-1"]
[White "Korab Saraci"]
[Black "Malek Saif"]
[WhiteElo "2077"]
[BlackElo "1969"]
[PlyCount "114"]

1. e4 e5 2. Nf3 Nc6 3. Bc4 Nf6 4. d3 Bc5 5. c3 d6 6. h3 a6
7. O-O O-O 8. Re1 Ba7 9. Nbd2 Na5 10. b4 Nxc4 11. Nxc4 h6
12. Be3 b6 13. a4 Bb7 14. b5 c5 15. Qe2 Qc7 16. Nh4 d5
17. exd5 Nxd5 18. Nf5 Ne7 19. Qg4 Nxf5 20. Qxf5 Rae8 21. Bd2
axb5 22. axb5 Bb8 23. Re3 Bc8 24. Qh5 Re6 25. g3 f5 26. Rae1
Bb7 27. Rxe5 Rxe5 28. Nxe5 Qd6 29. c4 Ba8 30. Bf4 Qd4 31. Qg6
Qc3 32. Rc1 Qb2 33. Rf1 Bxe5 34. Qe6+ Kh7 35. Bxe5 Qe2 36. Qe7
Rg8 37. f3 Bxf3 38. Rxf3 Qxf3 39. Qe6 Qxd3 40. h4 Qe4 41. h5
Qg4 42. Qf7 Rd8 43. Qg6+ Qxg6 44. hxg6+ Kxg6 45. Bc7 Rd4
46. Bxb6 Rxc4 47. Bc7 Rb4 48. b6 c4 49. Kf2 c3 50. Ke2 Rb2+
51. Kd3 c2 52. Kd2 Kf7 53. Kc1 Rb5 54. Kxc2 Ke8 55. Kd3 Kd7
56. Kd4 Kc6 57. Bd8 Rd5+ 0-1

[Event "FIDE Online Olympiad"]
[Site "Chess.com"]
[Date "2020.08.09"]
[EventDate "2020.08.07"]
[Round "9"]
[Result "0-1"]
[White "Hugo Fowler"]
[Black "Prin Laohawirapap"]
[WhiteElo "1686"]
[BlackElo "1834"]
[PlyCount "144"]

1. e4 c5 2. c3 Nf6 3. e5 Nd5 4. d4 cxd4 5. Nf3 Nc6 6. Bc4 Nb6
7. Bb3 d5 8. exd6 Qxd6 9. O-O Be6 10. Bxe6 Qxe6 11. Nxd4 Nxd4
12. Qxd4 Rd8 13. Qe3 Qf5 14. Nd2 e6 15. Qe4 Qxe4 16. Nxe4 f6
17. Be3 Kf7 18. Rad1 Be7 19. Bc5 Nc8 20. Rfe1 b6 21. Bxe7 Kxe7
22. Kf1 h6 23. f3 f5 24. Ng3 g6 25. Ne2 Rxd1 26. Rxd1 e5
27. Nc1 Ke6 28. Ke2 Nd6 29. Nd3 a5 30. g3 g5 31. h3 h5 32. Kf2
e4 33. Ne1 Ke5 34. Nc2 h4 35. Nd4 hxg3+ 36. Kxg3 f4+ 37. Kg4
Kf6 38. fxe4 Rh4+ 39. Kf3 Rxh3+ 40. Kg2 Rg3+ 41. Kh2 Nxe4
42. Re1 Re3 43. Rxe3 fxe3 44. Kg2 g4 45. Kf1 Ke5 46. Ke2 Nd6
47. Kxe3 Nc4+ 48. Kf2 Nxb2 49. Kg3 Nd1 50. Kxg4 Nxc3 51. Nc6+
Kd6 52. Nd4 Nxa2 53. Kf3 Kc5 54. Ke3 b5 55. Ne6+ Kb4 56. Kd2
a4 57. Kc2 Nc3 58. Nd4 Nd5 59. Kb2 a3+ 60. Ka2 Nb6 61. Nc2+
Ka4 62. Nxa3 b4 63. Nc2 b3+ 64. Kb2 Nc4+ 65. Kc1 b2+ 66. Kb1
Kb3 67. Nd4+ Kb4 68. Nc2+ Kc3 69. Nb4 Na3+ 70. Ka2 b1=Q+
71. Kxa3 Qxb4+ 72. Ka2 Qb2# 0-1

[Event "FIDE Online Olympiad"]
[Site "Chess.com"]
[Date "2020.08.09"]
[EventDate "2020.08.07"]
[Round "9"]
[Result "0-1"]
[White "Sarocha Chuemsakul"]
[Black "Venetia Sivarajasingam"]
[WhiteElo "1694"]
[BlackElo "1713"]
[PlyCount "124"]

1. d4 d5 2. c4 e6 3. Nf3 Be7 4. g3 Nf6 5. Bg2 O-O 6. O-O Nbd7
7. Qc2 c5 8. Rd1 Qc7 9. Nbd2 b6 10. cxd5 Nxd5 11. Nc4 cxd4
12. Nxd4 Ba6 13. Ne3 Qxc2 14. Ndxc2 Nxe3 15. Bxe3 Rad8 16. Nd4
Bf6 17. Nc6 Bxb2 18. Rab1 Bf6 19. Nxd8 Rxd8 20. Bc6 Ne5
21. Rxd8+ Bxd8 22. Bb5 Bb7 23. Rd1 Bf6 24. Bd4 h6 25. Bxe5
Bxe5 26. Rd8+ Kh7 27. Bd3+ g6 28. Rd7 Bd5 29. Rxf7+ Kg8
30. Rxa7 g5 31. e3 Bd6 32. Kf1 Bc5 33. e4 Bc6 34. f3 e5 35. a4
Be8 36. Ke2 Bd4 37. Bc4+ Kf8 38. Bb3 b5 39. a5 Bxa7 40. h3 Ke7
41. Kd3 Kd6 42. Kc3 Bf2 43. g4 Kc6 44. Bd5+ Kc7 45. Kb4 Kb8
46. a6 Ka7 47. Bb7 Be1+ 48. Kc5 b4 49. Kc4 Bf7+ 50. Bd5 Be8
51. Bb7 Ba4 52. Kd3 b3 53. Bd5 Kxa6 54. Bc4+ Ka5 55. Ke2 Bc3
56. Kd3 Bd4 57. Kd2 b2 58. Ba2 Kb4 59. Kd3 Bb3 60. Bb1 Ka3
61. Kd2 Ba2 62. Bd3 b1=Q 0-1

[Event "FIDE Online Olympiad"]
[Site "Chess.com"]
[Date "2020.08.09"]
[EventDate "2020.08.07"]
[Round "9"]
[Result "0-1"]
[White "Richmond Phiri"]
[Black "Fadi Eid"]
[WhiteElo "2270"]
[BlackElo "2337"]
[PlyCount "94"]

1. d4 Nc6 2. c4 e5 3. e3 Nf6 4. Nc3 Bb4 5. Ne2 O-O 6. a3 Be7
7. d5 Nb8 8. Ng3 d6 9. Bd3 c5 10. O-O Ne8 11. e4 Bg5 12. Nf5
Bxc1 13. Rxc1 g6 14. Ne3 Ng7 15. f4 exf4 16. Rxf4 Nd7 17. Qd2
Ne5 18. Rcf1 Bd7 19. Be2 Qe7 20. Qe1 f5 21. exf5 Nxf5 22. Nxf5
Rxf5 23. Rxf5 Bxf5 24. Qg3 Rf8 25. h4 a6 26. b4 b6 27. b5 a5
28. Na4 Qd8 29. Nc3 Kg7 30. Nd1 Bd7 31. Rxf8 Qxf8 32. Ne3 Qf6
33. Qf2 h5 34. g3 Bf5 35. Bxh5 Nd3 36. Nxf5+ gxf5 37. Qe3 Qd4
38. Qxd4+ cxd4 39. Bd1 Nb2 40. Bf3 Nxc4 41. Be2 Nb2 42. Kf2 d3
43. Bf3 d2 44. Ke3 d1=Q 45. Bxd1 Nxd1+ 46. Kf4 Kf6 47. h5 Nc3
0-1

[Event "FIDE Online Olympiad"]
[Site "Chess.com"]
[Date "2020.08.09"]
[EventDate "2020.08.07"]
[Round "9"]
[Result "0-1"]
[White "Amani Ali Khan"]
[Black "Constance Mbatha"]
[WhiteElo "1384"]
[BlackElo "1647"]
[PlyCount "98"]

1. e4 e5 2. Nf3 d6 3. Bc4 h6 4. d3 Nf6 5. h3 Be7 6. c3 O-O
7. Bb3 Be6 8. Bc2 c6 9. Nbd2 Nbd7 10. Nf1 Nb6 11. Ng3 Qd7
12. Qe2 Rae8 13. Nh4 d5 14. Nhf5 Nh7 15. Qg4 g6 16. Nxh6+ Kh8
17. Qf3 f5 18. exf5 gxf5 19. O-O Bd6 20. Qh5 f4 21. Nh1 Re7
22. Bd1 Rg7 23. Qf3 Rf6 24. Ng4 Rfg6 25. Re1 Bxg4 26. hxg4
Rxg4 27. Qh3 Rxg2+ 28. Qxg2 Rxg2+ 29. Kxg2 Qg7+ 30. Kf1 Ng5
31. Bd2 e4 32. dxe4 dxe4 33. Be2 f3 34. Bd1 Nh3 35. Ng3 Bxg3
36. Rxe4 Bf4 37. Re8+ Kh7 38. Bc2+ Kh6 39. Re6+ Kh5 40. Bg6+
Kh4 41. Bxf4 Nxf4 42. Re4 Kg5 43. Be8 Qh8 44. Ke1 Qh1+ 45. Kd2
Qxa1 46. Re5+ Kf6 47. Re4 Nbd5 48. Kc2 Qf1 49. Kb3 Qxf2 0-1

[Event "FIDE Online Olympiad"]
[Site "Chess.com"]
[Date "2020.08.09"]
[EventDate "2020.08.07"]
[Round "9"]
[Result "0-1"]
[White "Nour Assoum"]
[Black "Lubuuto Bwalya Mulwale"]
[WhiteElo "1400"]
[BlackElo "1702"]
[PlyCount "96"]

1. e4 c5 2. Nf3 d6 3. d4 cxd4 4. Nxd4 Nf6 5. Bd3 Nc6 6. Be3 g6
7. Nd2 Bg7 8. O-O O-O 9. N2f3 Bd7 10. Qd2 Ng4 11. Nxc6 Bxc6
12. Bd4 e5 13. Be3 Nxe3 14. fxe3 Qb6 15. a4 d5 16. exd5 Bxd5
17. Kh1 e4 18. Bb5 exf3 19. Qxd5 fxg2+ 20. Qxg2 a6 21. Be2
Rae8 22. Bc4 Rxe3 23. Qf2 Qc6+ 24. Kg1 Re7 25. Be2 Qxc2
26. Rae1 Qxa4 27. Bd1 Qd7 28. Rxe7 Qxe7 29. Re1 Qd7 30. Bf3
Bd4 31. Re3 Kg7 32. Kh1 Re8 33. Be4 Rxe4 34. Rd3 Bxf2 35. Rxd7
Rb4 36. Kg2 Rxb2 37. Kf3 a5 38. Rd5 a4 39. Ra5 b5 40. Ke4 Be1
41. Ra7 Rxh2 42. Kd3 Rb2 43. Ke4 h5 44. Kd5 h4 45. Kc6 h3
46. Re7 Bf2 47. Rd7 h2 48. Rd1 Bg1 0-1

[Event "FIDE Online Olympiad"]
[Site "Chess.com"]
[Date "2020.08.14"]
[EventDate "2020.08.14"]
[Round "1"]
[Result "0-1"]
[White "Andrei Maznitsin"]
[Black "Rogelio Antonio Jr"]
[WhiteElo "2288"]
[BlackElo "2426"]
[PlyCount "64"]

1. c4 e5 2. Nc3 Nc6 3. Nf3 Nf6 4. g3 d5 5. cxd5 Nxd5 6. Bg2
Nb6 7. O-O Be7 8. d3 O-O 9. Be3 Be6 10. Ne4 Bd5 11. Nc5 f5
12. Rc1 f4 13. Bd2 Bxc5 14. Rxc5 Qd6 15. Rc1 Kh8 16. a3 Rae8
17. b4 a6 18. Qc2 fxg3 19. fxg3 e4 20. dxe4 Bxe4 21. Qc5 Qxc5+
22. Rxc5 Nd7 23. Rcc1 Bd5 24. Rf2 Nf6 25. Bf4 Ng4 26. Rff1
Rxe2 27. h3 Nf6 28. Bxc7 Rfe8 29. Rce1 Bxf3 30. Rxe2 Bxe2
31. Re1 Bc4 32. Rc1 Bd5 0-1